CAMPBELL'S OPERATIVE ORTHOPAEDICS VOL-3 (Record no. 21998)

MARC details
000 -LEADER
fixed length control field 00370nam a22001577a 4500
003 - CONTROL NUMBER IDENTIFIER
control field SGT
020 ## - INTERNATIONAL STANDARD BOOK NUMBER
International Standard Book Number 9780323758697
082 ## - DEWEY DECIMAL CLASSIFICATION NUMBER
Classification number 617.3
Item number C21A
100 ## - MAIN ENTRY--PERSONAL NAME
Personal name AZAR, FREDERICK M.
245 ## - TITLE STATEMENT
Title CAMPBELL'S OPERATIVE ORTHOPAEDICS VOL-3
250 ## - EDITION STATEMENT
Edition statement 14TH
260 ## - PUBLICATION, DISTRIBUTION, ETC. (IMPRINT)
Place of publication, distribution, etc PHILADDELPHIA
Name of publisher, distributor, etc ELSEVIERS PUB
Year of Publication 2021
300 ## - PAGE DESCRIPTION
No. of Pages 3270
650 ## - SUBJECT ADDED ENTRY--TOPICAL TERM
Topical term or geographic name as entry element ORTHOPAEDICS
942 ## - ADDED ENTRY ELEMENTS (KOHA)
Source of classification or shelving scheme Dewey Decimal Classification
Koha item type Books
Holdings
Withdrawn status Lost status Source of classification or shelving scheme Damaged status Not for loan Collection code Home library Current library Shelving location Date acquired Vendor Name Volume Information (Serial or Books or Non-Book Material) SGTU Bill Number Total Checkouts Full call number Accession No. (Barcode) Date last seen Bill Date Koha item type
    Dewey Decimal Classification   Not For Loan MEDICAL SGT Medical Library SGT Medical Library Reference Book 05/11/2021 ABC DELHI VOLUME-3 SGTU 13417   617.3 C21A FM12619 05/11/2021   Books
    Dewey Decimal Classification   Not For Loan MEDICAL SGT Medical Library SGT Medical Library Reference Book 05/11/2021 ABC DELHI VOLUME-3 SGTU 13417   617.3 C21A FM12620 05/11/2021   Books